[Event "Vesterhavsturneringen "]
[Site "Esbjerg"]
[Date "1979.07.15"]
[Round "8"]
[White "Kristiansen, Jens"]
[Black "Mestel, Jonathan"]
[Result "1-0"]
[WhiteElo "2365"]
[BlackElo "2475"]
[PlyCount "125"]
[EventDate "1979.??.??"]
[EventType "tourn"]
[EventCountry "DEN"]

1. e4 c5 2. Nc3 Nc6 3. g3 g6 4. Bg2 Bg7 5. d3 Rb8 6. f4 d6 7. Nh3 e6 8. O-O
Nge7 9. Be3 Nd4 10. Rb1 b5 11. Ne2 b4 12. Nxd4 cxd4 13. Bf2 Qa5 14. Ra1 Qc5 15.
g4 h5 16. g5 d5 17. Qd2 Bd7 18. Kh1 O-O 19. Ng1 Rfc8 20. Rfc1 e5 21. fxe5 Bxe5
22. Nf3 Bg7 23. e5 Nc6 24. Nxd4 Bxe5 25. Nf3 d4 26. Nxe5 Nxe5 27. Qf4 Nc6 28.
c3 Qe5 29. Bg3 Rb5 30. Qxe5 Nxe5 31. cxd4 Nxd3 32. Rxc8+ Bxc8 33. d5 h4 34.
Bxh4 Nf4 35. d6 Nxg2 36. Kxg2 Rd5 37. Rc1 Be6 38. Bg3 Rxg5 39. Rc7 Rd5 40. Rxa7
g5 41. b3 Kg7 42. Kf3 Kg6 43. Ra6 Rd2 44. Ke3 Rd1 45. Rb6 f5 46. Ke2 Rd4 47.
Bf2 Rd5 48. Be1 f4 49. Bxb4 Kf5 50. Rb8 g4 51. a4 f3+ 52. Kf2 Re5 53. Rb5 Rxb5
54. axb5 Bc8 55. Kg3 Ke6 56. Bc5 Kd5 57. b4 Bd7 58. b6 Kc6 59. b5+ Kb7 60. Kf4
Bxb5 61. Kxg4 Kc6 62. Kxf3 Kxc5 63. b7 1-0

[Event "Vesterhavsturneringen "]
[Site "Esbjerg"]
[Date "1979.07.16"]
[Round "9"]
[White "Sigurjonsson, Gudmundur"]
[Black "Westerinen, Heikki"]
[Result "1-0"]
[WhiteElo "2490"]
[BlackElo "2465"]
[PlyCount "79"]
[EventDate "1979.??.??"]
[EventType "tourn"]
[EventCountry "DEN"]

1. Nf3 Nf6 2. c4 g6 3. d4 Bg7 4. Nc3 O-O 5. g3 d6 6. Bg2 Nc6 7. O-O a6 8. h3 e5
9. d5 Ne7 10. e4 Nh5 11. Re1 Qe8 12. c5 h6 13. cxd6 cxd6 14. a4 f5 15. b3 Bd7
16. Ba3 Rf6 17. Rc1 Qf7 18. exf5 gxf5 19. Nd2 Rf8 20. Nc4 Nc8 21. Rxe5 b5 22.
Bf3 Nxg3 23. fxg3 Qg6 24. Kg2 f4 25. Ne4 bxc4 26. Bh5 Qh7 27. Nxf6+ Bxf6 28.
Re1 Qg7 29. Bg4 Bg5 30. Rxc4 Nb6 31. Rc7 Bd8 32. Rxd7 Nxd7 33. Bxd6 fxg3 34.
Bxf8 Nxf8 35. Qd3 Bh4 36. d6 Qf6 37. Qd5+ Kh8 38. Qe5 Ng6 39. Qxf6+ Bxf6 40. d7
1-0

[Event "Vesterhavsturneringen "]
[Site "Esbjerg"]
[Date "1979.07.16"]
[Round "9"]
[White "Mortensen, Erling"]
[Black "Knudsen, Per"]
[Result "1-0"]
[WhiteElo "2365"]
[BlackElo "2390"]
[PlyCount "49"]
[EventDate "1979.??.??"]
[EventType "tourn"]
[EventCountry "DEN"]

1. Nf3 Nf6 2. d4 d5 3. c4 c6 4. Nc3 dxc4 5. a4 Bf5 6. e3 Nbd7 7. Bxc4 e6 8. O-O
Be7 9. Qe2 Bg4 10. h3 Bxf3 11. Qxf3 O-O 12. Rd1 e5 13. d5 Qc7 14. e4 Rad8 15.
dxc6 bxc6 16. Be3 Rb8 17. Rd2 Nc5 18. Rad1 Rb4 19. Qe2 Qb8 20. g4 Nfxe4 21.
Nxe4 Nxe4 22. Rd7 Rxb2 23. Qf3 Nd6 24. Ba6 Re8 25. R1xd6 1-0

[Event "Vesterhavsturneringen "]
[Site "Esbjerg"]
[Date "1979.07.16"]
[Round "9"]
[White "Vadasz, Laszlo"]
[Black "Castro, Oscar"]
[Result "1-0"]
[WhiteElo "2490"]
[BlackElo "2430"]
[PlyCount "63"]
[EventDate "1979.??.??"]
[EventType "tourn"]
[EventCountry "DEN"]

1. Nf3 Nf6 2. c4 g6 3. g3 Bg7 4. Bg2 O-O 5. O-O d5 6. cxd5 Nxd5 7. d4 c5 8. e4
Nb6 9. d5 e6 10. Bg5 Qd7 11. Nc3 Na6 12. Nd2 h6 13. Be3 Rd8 14. Qb3 Kh7 15.
Rfd1 exd5 16. exd5 Qg4 17. Nde4 Nd7 18. h3 Qh5 19. f4 f5 20. Nd6 Nb6 21. Ncb5
Bd7 22. a4 Rab8 23. Rd2 g5 24. fxg5 hxg5 25. Rf1 Rf8 26. Qc2 Kh8 27. Nxf5 Rxf5
28. Rxf5 Nb4 29. Qxc5 Bxf5 30. Qxb4 Bxh3 31. Bxh3 Qxh3 32. Rh2 1-0

[Event "Vesterhavsturneringen "]
[Site "Esbjerg"]
[Date "1979.07.16"]
[Round "9"]
[White "Fedder, Steen"]
[Black "Kristiansen, Jens"]
[Result "1/2-1/2"]
[WhiteElo "2415"]
[BlackElo "2365"]
[PlyCount "41"]
[EventDate "1979.??.??"]
[EventType "tourn"]
[EventCountry "DEN"]

1. d4 f5 2. g3 Nf6 3. Bg2 e6 4. c4 Be7 5. Nf3 O-O 6. O-O d5 7. Qc2 c6 8. Nbd2
Qe8 9. Ne5 b6 10. Nd3 Bb7 11. b4 Nbd7 12. Rb1 Ne4 13. a4 Bf6 14. Nf3 Rc8 15. c5
Ba6 16. Bb2 Bc4 17. Nd2 Nxd2 18. Qxd2 e5 19. dxe5 Nxe5 20. Rfe1 Nd7 21. Bxf6
1/2-1/2

[Event "Vesterhavsturneringen "]
[Site "Esbjerg"]
[Date "1979.07.16"]
[Round "9"]
[White "Sloth, Jorn"]
[Black "Ost Hansen, Jacob"]
[Result "1/2-1/2"]
[WhiteElo "2400"]
[BlackElo "2380"]
[PlyCount "71"]
[EventDate "1979.??.??"]
[EventType "tourn"]
[EventCountry "DEN"]

1. Nf3 g6 2. e4 Bg7 3. d4 d6 4. c3 Nf6 5. Bd3 O-O 6. O-O Nc6 7. Nbd2 e5 8. dxe5
Nxe5 9. Nxe5 dxe5 10. Nc4 Re8 11. Bg5 h6 12. Bh4 Qd7 13. Qc2 Nh5 14. Rfd1 Qg4
15. Bg3 Qg5 16. Qd2 Qe7 17. Ne3 Be6 18. Bc4 Rad8 19. Qc2 Nxg3 20. hxg3 c6 21.
Bxe6 Qxe6 22. Qb3 Qe7 23. Rxd8 Rxd8 24. Rd1 Rxd1+ 25. Qxd1 h5 26. a4 Bf8 27.
Nc4 Qc7 28. Qd3 b6 29. Kf1 a6 30. Ne3 b5 31. Ke2 Bc5 32. axb5 axb5 33. b4 Bb6
34. c4 bxc4 35. Qxc4 Qd6 36. Nc2 1/2-1/2

[Event "Vesterhavsturneringen "]
[Site "Esbjerg"]
[Date "1979.07.16"]
[Round "9"]
[White "Hartston, William Roland"]
[Black "Reshevsky, Samuel"]
[Result "1/2-1/2"]
[WhiteElo "2485"]
[BlackElo "2485"]
[PlyCount "30"]
[EventDate "1979.??.??"]
[EventType "tourn"]
[EventCountry "DEN"]

1. e4 c5 2. Nf3 e6 3. d4 cxd4 4. Nxd4 a6 5. Bd3 Nc6 6. Nxc6 dxc6 7. Nd2 b5 8.
a4 Bb7 9. O-O Nf6 10. f4 Nd7 11. axb5 cxb5 12. Nb3 Nc5 13. Nxc5 Bxc5+ 14. Kh1
O-O 15. Bd2 b4 1/2-1/2

[Event "Vesterhavsturneringen "]
[Site "Esbjerg"]
[Date "1979.07.16"]
[Round "9"]
[White "Mestel, Jonathan"]
[Black "Fries Nielsen, Jens Ove"]
[Result "0-1"]
[WhiteElo "2475"]
[BlackElo "2310"]
[PlyCount "146"]
[EventDate "1979.??.??"]
[EventType "tourn"]
[EventCountry "DEN"]

1. e4 e6 2. d4 d5 3. Nd2 c5 4. Ngf3 Nc6 5. exd5 exd5 6. Bb5 Bd6 7. dxc5 Bxc5 8.
O-O Nge7 9. Nb3 Bd6 10. Bd2 O-O 11. Bc3 Ng6 12. Re1 Bf5 13. Nbd4 Bd7 14. Bd3
Nxd4 15. Nxd4 Nf4 16. Re3 Qh4 17. Rg3 Ng6 18. Bxg6 fxg6 19. Nf3 Qe4 20. Rg5 Bf5
21. Qd4 Rf7 22. Ne5 Qxd4 23. Bxd4 Bxe5 24. Bxe5 Bxc2 25. Bd4 Bf5 26. Rg3 Rc7
27. h4 Rc4 28. Rd1 b5 29. Re3 Kf7 30. Re5 Be6 31. b3 Rc2 32. Rd3 Rc6 33. Rf3+
Kg8 34. Rfe3 Kf7 35. h5 gxh5 36. Rxh5 Kg8 37. Rg3 g6 38. Rxg6+ hxg6 39. Rh8+
Kf7 40. Rxa8 a6 41. Ra7+ Ke8 42. Kh2 Bc8 43. Kg3 Rc2 44. Kf4 Rxa2 45. Rc7 Bd7
46. Kg5 a5 47. Kxg6 a4 48. b4 Rd2 49. Be3 Rb2 50. Ra7 Bc6 51. Kf6 Rxb4 52. Re7+
Kd8 53. Bb6+ Kc8 54. Rc7+ Kb8 55. Rxc6 Kb7 56. Re6 a3 57. Bc5 a2 58. Rb6+ Ka7
59. Re6+ Kb7 60. Re1 Rb1 61. Re7+ Kc6 62. Bd4 b4 63. Re2 b3 64. Rd2 Kb5 65. Be5
Re1 66. Bb2 Kc4 67. g4 Rb1 68. Be5 a1=Q 69. Bxa1 Rxa1 70. f4 Ra2 71. Rd1 b2 72.
Rb1 d4 73. g5 Kc3 0-1

[Event "Vesterhavsturneringen "]
[Site "Esbjerg"]
[Date "1979.07.17"]
[Round "10"]
[White "Mestel, Jonathan"]
[Black "Fedder, Steen"]
[Result "1-0"]
[WhiteElo "2475"]
[BlackElo "2415"]
[PlyCount "73"]
[EventDate "1979.??.??"]
[EventType "tourn"]
[EventCountry "DEN"]

1. e4 c5 2. Nf3 d6 3. Bb5+ Bd7 4. c4 Bxb5 5. cxb5 Nf6 6. Nc3 g6 7. d4 cxd4 8.
Nxd4 Bg7 9. O-O O-O 10. a4 a5 11. bxa6 Nxa6 12. Re1 Nb4 13. Ndb5 Qc8 14. Bg5
Qc5 15. Qd2 h6 16. Be3 Qh5 17. f3 Rfc8 18. Rac1 Nd7 19. Na7 Rc7 20. Ncb5 Rxc1
21. Rxc1 Nc6 22. b3 Nde5 23. Nxc6 Nxc6 24. Nc7 Rd8 25. b4 e6 26. Bb6 Rd7 27.
Ne8 d5 28. b5 Ne7 29. a5 Qe5 30. Nxg7 Qxg7 31. a6 bxa6 32. bxa6 Qf8 33. a7 Qa8
34. Ra1 Nc8 35. Qd4 Rb7 36. Bc5 Rd7 37. Qe5 1-0

[Event "Vesterhavsturneringen "]
[Site "Esbjerg"]
[Date "1979.07.17"]
[Round "10"]
[White "Westerinen, Heikki"]
[Black "Vadasz, Laszlo"]
[Result "1/2-1/2"]
[WhiteElo "2465"]
[BlackElo "2490"]
[PlyCount "38"]
[EventDate "1979.??.??"]
[EventType "tourn"]
[EventCountry "DEN"]

1. e4 c6 2. d4 d5 3. Nd2 dxe4 4. Nxe4 Bf5 5. Nc5 e6 6. Nxb7 Qb6 7. Nc5 Bxc5 8.
dxc5 Qxc5 9. c3 Nf6 10. Nf3 O-O 11. Be2 Qa5 12. O-O c5 13. Ne5 Qc7 14. Nc4 Nbd7
15. Bg5 Rab8 16. Bh4 e5 17. Re1 Be6 18. Qc2 Nd5 19. Bf1 f6 1/2-1/2

[Event "Vesterhavsturneringen "]
[Site "Esbjerg"]
[Date "1979.07.17"]
[Round "10"]
[White "Reshevsky, Samuel"]
[Black "Sigurjonsson, Gudmundur"]
[Result "0-1"]
[WhiteElo "2485"]
[BlackElo "2490"]
[PlyCount "85"]
[EventDate "1979.??.??"]
[EventType "tourn"]
[EventCountry "DEN"]

1. e4 c5 2. Nf3 e6 3. d4 cxd4 4. Nxd4 Nf6 5. Nc3 d6 6. g4 a6 7. g5 Nfd7 8. Be3
b5 9. a3 Nb6 10. f4 N8d7 11. Nb3 Qc7 12. Qd4 Rb8 13. O-O-O Bb7 14. h4 Rc8 15.
Bg1 d5 16. Kb1 Qxf4 17. Na5 Ba8 18. exd5 Qxd4 19. Bxd4 Nxd5 20. Rh3 f6 21. Nxd5
Bxd5 22. Be2 Bc5 23. Nb3 Bxd4 24. Nxd4 Nb6 25. gxf6 gxf6 26. Rg3 Rc7 27. Rdg1
Kf8 28. h5 e5 29. Nf5 Rg8 30. h6 Rxg3 31. Rxg3 Rd7 32. Bd3 e4 33. Be2 Be6 34.
Ng7 Bc4 35. Bg4 Rd2 36. b3 Bd5 37. Bf5 Rh2 38. Bh3 Bf7 39. Ne6+ Bxe6 40. Bxe6
Rxh6 41. Rg4 Rh5 42. Rxe4 Re5 43. Rxe5 0-1

[Event "Vesterhavsturneringen "]
[Site "Esbjerg"]
[Date "1979.07.17"]
[Round "10"]
[White "Kristiansen, Jens"]
[Black "Hartston, William Roland"]
[Result "0-1"]
[WhiteElo "2365"]
[BlackElo "2485"]
[PlyCount "80"]
[EventDate "1979.??.??"]
[EventType "tourn"]
[EventCountry "DEN"]

1. e4 c5 2. Nf3 e6 3. d4 cxd4 4. Nxd4 a6 5. Nc3 Ne7 6. Bd3 Nec6 7. Nxc6 Nxc6 8.
O-O Be7 9. Qh5 O-O 10. f4 f6 11. Kh1 Rf7 12. Bd2 b5 13. Rae1 Bb7 14. Re3 g6 15.
Rg3 Rg7 16. Qh6 Bf8 17. a4 b4 18. Nd1 f5 19. exf5 gxf5 20. Rff3 Ne7 21. Rxg7+
Bxg7 22. Rg3 Ng6 23. Qh5 a5 24. Nf2 Qh4 25. Qe2 Bxb2 26. Bb5 Qe7 27. Nd3 Bg7
28. Ne5 Bxe5 29. Qxe5 Qg7 30. Qe1 Bd5 31. c3 Kf7 32. cxb4 axb4 33. Bxb4 Rc8 34.
Bc3 Qh6 35. Bxd7 Rc4 36. Re3 Nxf4 37. Rg3 Nxg2 38. Rxg2 Qg6 39. Bxe6+ Qxe6 40.
Qxe6+ Kxe6 0-1

[Event "Vesterhavsturneringen "]
[Site "Esbjerg"]
[Date "1979.07.17"]
[Round "10"]
[White "Knudsen, Per"]
[Black "Sloth, Jorn"]
[Result "1-0"]
[WhiteElo "2390"]
[BlackElo "2400"]
[PlyCount "78"]
[EventDate "1979.??.??"]
[EventType "tourn"]
[EventCountry "DEN"]

1. Nf3 Nf6 2. c4 b6 3. b3 Bb7 4. Bb2 g6 5. g3 Bg7 6. Bg2 O-O 7. O-O e6 8. d3 d5
9. cxd5 exd5 10. b4 c5 11. bxc5 bxc5 12. Nbd2 Nbd7 13. Qc2 Re8 14. Rfe1 Rc8 15.
Rac1 d4 16. Nc4 Nb6 17. e4 Nxc4 18. Qxc4 Qa5 19. Bh3 Ba6 20. Qc2 Rb8 21. Ba1 c4
22. dxc4 Bb7 23. Nd2 Rbd8 24. Bg2 Ng4 25. Nb3 Qb4 26. h3 d3 27. Qd2 Qxd2 28.
Nxd2 Ne5 29. f4 Nd7 30. Bxg7 Kxg7 31. c5 Re6 32. Rc3 Rc8 33. Rec1 Ra6 34. a3
Bc6 35. Rxd3 Rb8 36. e5 Bxg2 37. Kxg2 Nf8 38. c6 Rc8 39. c7 Ne6 1-0

[Event "Vesterhavsturneringen "]
[Site "Esbjerg"]
[Date "1979.07.17"]
[Round "10"]
[White "Fries Nielsen, Jens Ove"]
[Black "Ost Hansen, Jacob"]
[Result "0-1"]
[WhiteElo "2310"]
[BlackElo "2380"]
[PlyCount "80"]
[EventDate "1979.??.??"]
[EventType "tourn"]
[EventCountry "DEN"]

1. e4 c5 2. Nc3 e6 3. Nf3 a6 4. d4 cxd4 5. Nxd4 Qc7 6. Be2 Nf6 7. a3 Nc6 8. O-O
Be7 9. Be3 O-O 10. f4 d6 11. Kh1 e5 12. Nf5 Bxf5 13. exf5 Rad8 14. Nd5 Nxd5 15.
Qxd5 Bf6 16. c3 Rfe8 17. Bh5 Rd7 18. Rad1 Na5 19. fxe5 Rxe5 20. Qd3 Nc4 21. Bc1
Qc5 22. Bf3 d5 23. Rfe1 Qe7 24. Rxe5 Nxe5 25. Qe2 Nxf3 26. Qxf3 d4 27. Qd3 Rd8
28. cxd4 Rxd4 29. Qc2 Qc7 30. Qe2 Qe5 31. Qe1 h6 32. h3 Qxf5 33. Rxd4 Bxd4 34.
Qd1 Qe4 35. b3 Be5 36. a4 Qb1 37. Qd8+ Kh7 38. Qd2 Qxb3 39. a5 Qg3 40. Kg1 Bc3
0-1

[Event "Vesterhavsturneringen "]
[Site "Esbjerg"]
[Date "1979.07.17"]
[Round "10"]
[White "Castro, Oscar"]
[Black "Mortensen, Erling"]
[Result "0-1"]
[WhiteElo "2430"]
[BlackElo "2365"]
[PlyCount "119"]
[EventDate "1979.??.??"]
[EventType "tourn"]
[EventCountry "DEN"]

1. e4 c5 2. f4 e6 3. Nf3 d5 4. Bb5+ Bd7 5. Bxd7+ Nxd7 6. d3 Ngf6 7. Qe2 Be7 8.
c4 dxe4 9. dxe4 Nb8 10. Nc3 Nc6 11. Be3 O-O 12. O-O Ng4 13. Bd2 Qb6 14. Na4 Qc7
15. h3 Nf6 16. e5 Nh5 17. Qf2 g6 18. g4 Ng7 19. Be3 b6 20. Nc3 f6 21. exf6 Bxf6
22. Ne4 Be7 23. Qg3 Rad8 24. Rad1 Rxd1 25. Rxd1 Rd8 26. Rf1 Rf8 27. Ne5 Ne8 28.
Rd1 Nd6 29. Nd2 Nxe5 30. fxe5 Nf7 31. Re1 Qd8 32. Rf1 Qd3 33. Rf3 Qe2 34. b3
Rd8 35. Rf2 Qd3 36. Bf4 Bg5 37. Nf3 Qb1+ 38. Kh2 Be7 39. Qg2 Qe4 40. Nd2 Qxg2+
41. Kxg2 Rd4 42. Bg3 Bg5 43. Nf3 Rd3 44. Re2 Bc1 45. Rc2 Be3 46. Bf2 Bf4 47.
Re2 h5 48. gxh5 gxh5 49. Re4 Bh6 50. Rh4 Rc3 51. Ne1 Kg7 52. Rxh5 Bg5 53. Nf3
Be7 54. Nh4 Rc2 55. Kg3 Rxa2 56. Ng2 Bg5 57. Nh4 Rb2 58. Nf3 Rxb3 59. Kg4 Be7
60. Be1 0-1

[Event "Vesterhavsturneringen "]
[Site "Esbjerg"]
[Date "1979.07.18"]
[Round "11"]
[White "Ost Hansen, Jacob"]
[Black "Knudsen, Per"]
[Result "1-0"]
[WhiteElo "2380"]
[BlackElo "2390"]
[PlyCount "45"]
[EventDate "1979.??.??"]
[EventType "tourn"]
[EventCountry "DEN"]

1. e4 e6 2. d4 d5 3. Nd2 Nf6 4. e5 Nfd7 5. f4 c5 6. c3 Nc6 7. Ndf3 cxd4 8. Nxd4
Nc5 9. Ngf3 Be7 10. Be3 O-O 11. Be2 Bd7 12. O-O Ne4 13. Rc1 a6 14. c4 Nxd4 15.
Nxd4 Bc6 16. Bf3 Qb6 17. cxd5 Bxd5 18. Nf5 Bc5 19. Ne7+ Kh8 20. Rxc5 Nxc5 21.
Nxd5 exd5 22. Qd4 Rac8 23. b4 1-0

[Event "Vesterhavsturneringen "]
[Site "Esbjerg"]
[Date "1979.07.18"]
[Round "11"]
[White "Fedder, Steen"]
[Black "Fries Nielsen, Jens Ove"]
[Result "1/2-1/2"]
[WhiteElo "2415"]
[BlackElo "2310"]
[PlyCount "32"]
[EventDate "1979.??.??"]
[EventType "tourn"]
[EventCountry "DEN"]

1. d4 Nf6 2. c4 e6 3. Nf3 b6 4. g3 Bb7 5. Bg2 Be7 6. O-O O-O 7. Qc2 d5 8. Rd1
dxc4 9. Qxc4 a6 10. Bg5 c5 11. Bxf6 Bxf6 12. Nc3 cxd4 13. Nxd4 Bxg2 14. Kxg2 b5
15. Qc5 Nd7 16. Qc6 Ne5 1/2-1/2

[Event "Vesterhavsturneringen "]
[Site "Esbjerg"]
[Date "1979.07.18"]
[Round "11"]
[White "Vadasz, Laszlo"]
[Black "Reshevsky, Samuel"]
[Result "1/2-1/2"]
[WhiteElo "2490"]
[BlackElo "2485"]
[PlyCount "25"]
[EventDate "1979.??.??"]
[EventType "tourn"]
[EventCountry "DEN"]

1. d4 Nf6 2. c4 e6 3. Nf3 b6 4. g3 Bb7 5. Bg2 Be7 6. O-O O-O 7. Nc3 Ne4 8. Bd2
Bf6 9. Qc2 Nxd2 10. Qxd2 d6 11. e4 Nd7 12. Rfe1 g6 13. h4 1/2-1/2

[Event "Vesterhavsturneringen "]
[Site "Esbjerg"]
[Date "1979.07.18"]
[Round "11"]
[White "Sigurjonsson, Gudmundur"]
[Black "Kristiansen, Jens"]
[Result "1/2-1/2"]
[WhiteElo "2490"]
[BlackElo "2365"]
[PlyCount "98"]
[EventDate "1979.??.??"]
[EventType "tourn"]
[EventCountry "DEN"]

1. Nf3 Nf6 2. c4 e6 3. d4 b6 4. a3 Bb7 5. Nc3 d5 6. cxd5 Nxd5 7. e3 Nd7 8. Bd3
Be7 9. e4 Nxc3 10. bxc3 O-O 11. O-O c5 12. Qe2 Qc7 13. Bd2 Rac8 14. a4 Nf6 15.
Rfb1 Rfd8 16. a5 Bc6 17. axb6 axb6 18. Ra6 b5 19. e5 c4 20. Bc2 Nd5 21. h4 Ra8
22. Rxc6 Qxc6 23. Qe4 g6 24. h5 Ra2 25. Rc1 b4 26. hxg6 hxg6 27. cxb4 Nxb4 28.
Bxb4 Qxe4 29. Bxe4 Bxb4 30. Rxc4 Ra1+ 31. Kh2 Ba5 32. Rc6 Ra3 33. g3 Bc3 34.
Rc4 Ba5 35. Rc6 Rb3 36. Kg2 Rb4 37. Bc2 Kf8 38. Ng5 Ke7 39. Bxg6 fxg6 40. Rxe6+
Kd7 41. Rxg6 Rxd4 42. Ne6 Rd2 43. Nxd8 Bxd8 44. Kf1 Rb2 45. f4 Bb6 46. f5 Rf2+
47. Ke1 Rxf5 48. Rxb6 Rxe5+ 49. Kf2 Ke7 1/2-1/2

[Event "Vesterhavsturneringen "]
[Site "Esbjerg"]
[Date "1979.07.18"]
[Round "11"]
[White "Mortensen, Erling"]
[Black "Westerinen, Heikki"]
[Result "1/2-1/2"]
[WhiteElo "2365"]
[BlackElo "2465"]
[PlyCount "130"]
[EventDate "1979.??.??"]
[EventType "tourn"]
[EventCountry "DEN"]

1. e4 e5 2. Nf3 Nc6 3. Bb5 a6 4. Ba4 Nf6 5. O-O Be7 6. Re1 b5 7. Bb3 d6 8. c3
O-O 9. d4 Bg4 10. Be3 exd4 11. cxd4 Na5 12. Bc2 Nc4 13. Bc1 c5 14. d5 Nd7 15.
h3 Bxf3 16. Qxf3 Bg5 17. Bxg5 Qxg5 18. b3 Nce5 19. Qe3 Qxe3 20. Rxe3 c4 21. f4
Ng6 22. g3 Rac8 23. b4 c3 24. a4 a5 25. Rxc3 axb4 26. Rc6 Nc5 27. axb5 b3 28.
Bd1 b2 29. Ra2 Nxe4 30. Kg2 Ne7 31. Bf3 f5 32. Rxb2 Nxd5 33. Bxe4 fxe4 34. Rxc8
Rxc8 35. Kf2 Nb6 36. Rb3 Kf7 37. Ke3 d5 38. Rc3 Nc4+ 39. Kd4 Rd8 40. Na3 Nd6
41. g4 Rb8 42. Rb3 Ke6 43. b6 Nc8 44. Kc5 Nd6 45. Kd4 Nc8 46. f5+ Kf6 47. b7
Nd6 48. Rb6 Ke7 49. Nb5 Nxb7 50. Nc7 Nd8 51. Nxd5+ Kd7 52. Rxb8 Nc6+ 53. Kxe4
Nxb8 54. Nf4 Ke7 55. Kd5 Nd7 56. g5 Nb6+ 57. Kc5 Nd7+ 58. Kd4 Kf7 59. Nd5 g6
60. Ke4 h6 61. gxh6 Nf6+ 62. Ke5 Nxd5 63. h7 Kg7 64. fxg6 Ne7 65. h8=Q+ Kxh8
1/2-1/2

[Event "Vesterhavsturneringen "]
[Site "Esbjerg"]
[Date "1979.07.18"]
[Round "11"]
[White "Sloth, Jorn"]
[Black "Castro, Oscar"]
[Result "1-0"]
[WhiteElo "2400"]
[BlackElo "2430"]
[PlyCount "43"]
[EventDate "1979.??.??"]
[EventType "tourn"]
[EventCountry "DEN"]

1. Nf3 Nf6 2. c4 g6 3. g3 Bg7 4. Bg2 O-O 5. O-O d5 6. cxd5 Nxd5 7. d4 c5 8.
dxc5 Na6 9. Ng5 Ndb4 10. Nc3 h6 11. Nf3 Be6 12. Be3 Qxd1 13. Rfxd1 Nc2 14. Rac1
Nxe3 15. fxe3 Nxc5 16. b4 Bxc3 17. Rxc3 Na4 18. Rc7 Rab8 19. Nd4 Rfd8 20. Rdc1
Rd6 21. Bxb7 Rb6 22. Bf3 1-0

[Event "Vesterhavsturneringen "]
[Site "Esbjerg"]
[Date "1979.07.19"]
[Round "12"]
[White "Fedder, Steen"]
[Black "Hartston, William Roland"]
[Result "1/2-1/2"]
[WhiteElo "2415"]
[BlackElo "2485"]
[PlyCount "41"]
[EventDate "1979.??.??"]
[EventType "tourn"]
[EventCountry "DEN"]

1. d4 Nf6 2. c4 g6 3. Nc3 d5 4. Bf4 Bg7 5. e3 c6 6. Nf3 O-O 7. Rc1 Be6 8. Qb3
Qb6 9. Ng5 Qxb3 10. axb3 Bd7 11. Be5 Na6 12. cxd5 cxd5 13. Bxa6 bxa6 14. Ra1
Rfc8 15. Rxa6 h6 16. Bxf6 Bxf6 17. Nf3 e6 18. O-O Be7 19. Ne5 Be8 20. Rfa1 Rc7
21. Nd3 1/2-1/2

[Event "Vesterhavsturneringen "]
[Site "Esbjerg"]
[Date "1979.07.19"]
[Round "12"]
[White "Castro, Oscar"]
[Black "Ost Hansen, Jacob"]
[Result "1/2-1/2"]
[WhiteElo "2430"]
[BlackElo "2380"]
[PlyCount "37"]
[EventDate "1979.??.??"]
[EventType "tourn"]
[EventCountry "DEN"]

1. e4 c6 2. d4 d5 3. Nc3 dxe4 4. Nxe4 Nd7 5. Nf3 Ngf6 6. Ng3 e6 7. Be2 Qc7 8.
O-O b6 9. Re1 Bd6 10. Bd3 O-O 11. Bg5 Bb7 12. Qe2 c5 13. dxc5 Bxc5 14. Ne4 Be7
15. Rad1 Rfe8 16. c4 Rad8 17. a3 Nxe4 18. Bxe7 Rxe7 19. Bxe4 1/2-1/2

[Event "Vesterhavsturneringen "]
[Site "Esbjerg"]
[Date "1979.07.19"]
[Round "12"]
[White "Fries Nielsen, Jens Ove"]
[Black "Knudsen, Per"]
[Result "0-1"]
[WhiteElo "2310"]
[BlackElo "2390"]
[PlyCount "68"]
[EventDate "1979.??.??"]
[EventType "tourn"]
[EventCountry "DEN"]

1. d4 c5 2. d5 e5 3. e4 d6 4. Nc3 g6 5. g3 Bg7 6. Bg2 Ne7 7. Nf3 O-O 8. O-O h6
9. Nd2 f5 10. exf5 Bxf5 11. Nc4 g5 12. a4 Rf6 13. Ra3 Na6 14. Ne4 Rg6 15. Ne3
Qd7 16. Nxf5 Qxf5 17. g4 Qd7 18. Ng3 Rf6 19. Nf5 Rff8 20. Be4 Nc7 21. h4 gxh4
22. g5 hxg5 23. Nxg7 Kxg7 24. Qh5 Rh8 25. Qxg5+ Kf7 26. Rf3+ Ke8 27. Kh1 Rg8
28. Qh5+ Kd8 29. Bg5 Ne8 30. Rf7 Qh3+ 31. Kg1 Rg7 32. Bf5 Nf6 33. Bxh3 Nxh5 34.
Rxe7 Rxg5+ 0-1

[Event "Vesterhavsturneringen "]
[Site "Esbjerg"]
[Date "1979.07.19"]
[Round "12"]
[White "Kristiansen, Jens"]
[Black "Vadasz, Laszlo"]
[Result "1/2-1/2"]
[WhiteElo "2365"]
[BlackElo "2490"]
[PlyCount "76"]
[EventDate "1979.??.??"]
[EventType "tourn"]
[EventCountry "DEN"]

1. e4 c6 2. c4 d5 3. cxd5 cxd5 4. exd5 Nf6 5. Bb5+ Nbd7 6. Nc3 a6 7. Ba4 b5 8.
Bb3 Bb7 9. Nf3 Nb6 10. O-O Nbxd5 11. a4 b4 12. a5 Qc7 13. Ba4+ Kd8 14. Nxd5
Nxd5 15. d4 e6 16. Bg5+ f6 17. Bh4 Bd6 18. Rc1 Qf7 19. Ne5 Bxe5 20. dxe5 g5 21.
Bg3 f5 22. f3 Rc8 23. Qd2 Qg7 24. Bf2 Ke7 25. Bc5+ Kf7 26. Bd6 Kg6 27. Bb3 h5
28. Bxd5 Bxd5 29. Qxb4 Qb7 30. Qb6 Rxc1 31. Rxc1 Rc8 32. Bc7 g4 33. f4 h4 34.
b4 Kf7 35. Qxb7 Bxb7 36. Rc5 h3 37. g3 Ke8 38. Kf2 Kd7 1/2-1/2

[Event "Vesterhavsturneringen "]
[Site "Esbjerg"]
[Date "1979.07.19"]
[Round "12"]
[White "Mestel, Jonathan"]
[Black "Sigurjonsson, Gudmundur"]
[Result "1-0"]
[WhiteElo "2475"]
[BlackElo "2490"]
[PlyCount "81"]
[EventDate "1979.??.??"]
[EventType "tourn"]
[EventCountry "DEN"]

1. e4 c5 2. Nf3 e6 3. d4 cxd4 4. Nxd4 Nf6 5. Nc3 d6 6. Be2 Be7 7. O-O O-O 8. f4
a6 9. Qe1 Nc6 10. Be3 Bd7 11. Qg3 Nxd4 12. Bxd4 Bc6 13. Bd3 b5 14. a3 Qd7 15.
Rae1 a5 16. Rf3 Rfe8 17. Kh1 b4 18. Nd1 g6 19. axb4 axb4 20. Nf2 d5 21. e5 Ne4
22. Qh3 Nxf2+ 23. Rxf2 Bb5 24. g4 Bxd3 25. cxd3 b3 26. f5 Bf8 27. Ref1 Bg7 28.
f6 Bf8 29. Be3 d4 30. Bh6 Qd5+ 31. Rf3 Bb4 32. Bg7 Bd2 33. Bh6 Bb4 34. Kg1 Qxe5
35. Qh4 Ra5 36. Rh3 Qb5 37. Bf4 h5 38. gxh5 Qxh5 39. Qg3 Qe2 40. Rh6 Bf8 41.
Rxg6+ 1-0

[Event "Vesterhavsturneringen "]
[Site "Esbjerg"]
[Date "1979.07.20"]
[Round "12"]
[White "Westerinen, Heikki"]
[Black "Sloth, Jorn"]
[Result "1-0"]
[WhiteElo "2465"]
[BlackElo "2400"]
[PlyCount "80"]
[EventDate "1979.??.??"]
[EventType "tourn"]
[EventCountry "DEN"]

1. e4 e6 2. d4 d5 3. Nd2 Nf6 4. e5 Nfd7 5. f4 c5 6. c3 Nc6 7. Ndf3 f5 8. Bd3 c4
9. Bc2 b5 10. g4 Be7 11. h4 fxg4 12. Ng5 Nf8 13. Qxg4 h5 14. Qf3 g6 15. Ne2 Qd7
16. Ng3 Bb7 17. f5 exf5 18. Nxf5 gxf5 19. Bxf5 Qc7 20. Rf1 Nd8 21. Bf4 Qc6 22.
O-O-O Nde6 23. Rde1 Bc8 24. Ne4 Bd7 25. Nd6+ Bxd6 26. exd6 O-O-O 27. Be5 Rg8
28. Bf6 Qxd6 29. Bxd8 Kxd8 30. Re5 Nc7 31. Qxh5 Bxf5 32. Rexf5 Nfe6 33. Re5 b4
34. Qh7 Rf8 35. Rxf8+ Qxf8 36. Rf5 Qg7 37. Qxg7 Nxg7 38. Rf7 Nce6 39. Rxa7 bxc3
40. bxc3 Nc7 1-0